[Event "Solingen Karneval op"]
[Site "Solingen"]
[Date "2015.02.15"]
[Round "5"]
[White "Schuetz, Samson"]
[Black "Tanz, Manfred"]
[Result "1-0"]
[WhiteElo "1687"]
[BlackElo "1608"]
[PlyCount "45"]
[EventDate "2015.02.13"]
[EventType "swiss"]
[EventRounds "5"]
[EventCountry "GER"]
[SourceTitle "EXT 2016"]
[Source "ChessBase"]
[SourceDate "2015.10.08"]
[SourceVersion "1"]
[SourceVersionDate "2015.10.08"]
[SourceQuality "1"]

1. d4 d5 2. c4 c6 3. Nf3 Nf6 4. Nc3 g6 5. Bg5 Bg7 6. e3 0-0 7. Bd3 h6 8. Bh4 g5 9. Bg3 Nh5 10. Ne5 Nxg3 11. hxg3 Nd7 12. Ng4 f5 13. Nxh6+ Bxh6 14. Rxh6 g4 15. Bxf5 Nf6 16. Qc2 Ne4 17. Bxe4 dxe4 18. 0-0-0 Bf5 19. Rdh1 Qd7 20. Ne2 Rae8 21. Nf4 Rf7 22. Ng6 Rg7 23. Rh8+ 1-0

[Event "Solingen Karneval op"]
[Site "Solingen"]
[Date "2013.02.10"]
[Round "5"]
[White "Vollenbroeker, Florian"]
[Black "Schuetz, Samson"]
[Result "1/2-1/2"]
[WhiteElo "1536"]
[BlackElo "1185"]
[PlyCount "112"]
[EventDate "2013.02.08"]
[EventType "swiss"]
[EventRounds "5"]
[EventCountry "GER"]
[SourceTitle "EXT 2015"]
[Source "ChessBase"]
[SourceDate "2014.11.20"]
[SourceVersion "1"]
[SourceVersionDate "2014.11.20"]
[SourceQuality "1"]

1. e4 e5 2. d4 exd4 3. Qxd4 Nc6 4. Qe3 Nb4 5. Qb3 Nc6 6. Bc4 Qe7 7. Nc3 Nd4 8. Qa4 Qb4 9. Qxb4 Nxc2+ 10. Kd1 Nxb4 11. Bf4 d6 12. a3 Nc6 13. Nb5 Kd8 14. Bxf7 Nf6 15. f3 Bd7 16. Rc1 a6 17. Nc3 Ne5 18. Bxe5 dxe5 19. Ke2 Bd6 20. Nh3 Rf8 21. Ng5 Ke7 22. Nd5+ Nxd5 23. Bxd5 c6 24. Bb3 h6 25. Nh3 g5 26. Nf2 Rfd8 27. h4 Rh8 28. Rh2 Be6 29. Bxe6 Kxe6 30. Rch1 Be7 31. hxg5 Bxg5 32. Ng4 Rh7 33. Nxh6 Rah8 34. Ng4 Rxh2 35. Rxh2 Rxh2 36. Nxh2 Bc1 37. b3 Bxa3 38. g3 b5 39. f4 exf4 40. gxf4 Bd6 41. Ke3 a5 42. Nf3 a4 43. Nd4+ Kd7 44. bxa4 bxa4 45. Nc2 a3 46. e5 Bc5+ 47. Ke4 a2 48. f5 Bf8 49. Kf4 Bc5 50. Ke4 Bg1 51. Na1 c5 52. Kd5 Bd4 53. Nc2 a1Q 54. Nxa1 Bxa1 55. e6+ Ke7 56. Kxc5 Bf6 1/2-1/2

[Event "Solingen Karneval op"]
[Site "Solingen"]
[Date "2013.02.09"]
[Round "2"]
[White "Schuetz, Samson"]
[Black "Witt, Holger"]
[Result "1-0"]
[WhiteElo "1185"]
[BlackElo "1661"]
[PlyCount "75"]
[EventDate "2013.02.08"]
[EventType "swiss"]
[EventRounds "5"]
[EventCountry "GER"]
[SourceTitle "EXT 2015"]
[Source "ChessBase"]
[SourceDate "2014.11.20"]
[SourceVersion "1"]
[SourceVersionDate "2014.11.20"]
[SourceQuality "1"]

1. d4 d5 2. c4 c6 3. Nf3 Nf6 4. Bg5 e6 5. Nbd2 Nbd7 6. e3 Qa5 7. a3 dxc4 8. Bxc4 Bd6 9. b4 Qc7 10. e4 e5 11. Qb3 0-0 12. Be3 Nb6 13. Rc1 Nxc4 14. Nxc4 Nxe4 15. dxe5 Be7 16. Rd1 Be6 17. Qc2 Bf5 18. Qc1 Be6 19. h3 Bd5 20. Nb2 a5 21. Rxd5 axb4 22. a4 Nc3 23. Rd3 c5 24. Rxc3 bxc3 25. Qxc3 Rfd8 26. 0-0 Qc8 27. Rc1 b6 28. Qb3 Qa6 29. Bg5 Bxg5 30. Nxg5 Ra7 31. e6 h6 32. exf7+ Kh8 33. Ne6 Rxf7 34. Nxd8 Rf6 35. Nf7+ Kh7 36. Ne5 Qe2 37. Qd3+ Qxd3 38. Nbxd3 1-0

[Event "Solingen Karneval op"]
[Site "Solingen"]
[Date "2013.02.08"]
[Round "1"]
[White "Herzum, Peter"]
[Black "Schuetz, Samson"]
[Result "1-0"]
[WhiteElo "1854"]
[BlackElo "1185"]
[PlyCount "91"]
[EventDate "2013.02.08"]
[EventType "swiss"]
[EventRounds "5"]
[EventCountry "GER"]
[SourceTitle "EXT 2015"]
[Source "ChessBase"]
[SourceDate "2014.11.20"]
[SourceVersion "1"]
[SourceVersionDate "2014.11.20"]
[SourceQuality "1"]

1. e4 e5 2. Nf3 Nc6 3. Bb5 a6 4. Ba4 Nf6 5. d4 b5 6. Bb3 exd4 7. 0-0 Be7 8. e5 Ng4 9. Re1 0-0 10. h3 Nh6 11. Bxh6 gxh6 12. Nxd4 Nxd4 13. Qxd4 d6 14. Qe3 dxe5 15. Nc3 Qd6 16. Rad1 Qf6 17. Nd5 Qg5 18. f4 Qh4 19. g3 Bc5 20. gxh4 Bxe3+ 21. Rxe3 exf4 22. Nxf4 Bb7 23. Re7 Rac8 24. Rdd7 Bc6 25. Rxc7 Rxc7 26. Rxc7 Be4 27. Ra7 Rd8 28. Rxf7 Kh8 29. Ne6 Rg8+ 30. Kf1 Bg2+ 31. Kf2 Bxh3 32. Rf8 Bxe6 33. Rxg8+ Bxg8 34. Bxg8 Kxg8 35. Ke3 Kf7 36. a3 Ke6 37. Ke4 Kd6 38. b3 Kc5 39. h5 a5 40. Ke5 a4 41. Ke4 Kc6 42. Kd4 axb3 43. cxb3 Kd6 44. a4 bxa4 45. bxa4 Kc6 46. Ke5 1-0